|
|
|
|
| LEADER |
00000nam0a2200000 4500 |
| 001 |
291961 |
| 005 |
20231102000438.0 |
| 035 |
|
|
|a (RuTPU)RU\TPU\book\316557
|
| 090 |
|
|
|a 291961
|
| 100 |
|
|
|a 20150417d1983 k y0rusy5003 ca
|
| 101 |
0 |
|
|a rus
|
| 102 |
|
|
|a RU
|
| 105 |
|
|
|a a z 001zy
|
| 200 |
1 |
|
|a Механизация строительства в районах Восточной Сибири и Крайнего Севера
|e сборник научных трудов
|f Проектный, научно-исследовательский и конструкторский институт "Красноярский ПромстройНИИпроект"
|
| 210 |
|
|
|a Красноярск
|c [Б. и.]
|d 1983
|
| 215 |
|
|
|a 96 с.
|c ил.
|d 20 см
|
| 320 |
|
|
|a Библиография в конце статей
|
| 606 |
1 |
|
|a Строительные работы
|x Механизация комплексная
|2 stltpush
|3 (RuTPU)RU\TPU\subj\57743
|9 75601
|
| 606 |
1 |
|
|a Строительство в условиях вечной мерзлоты
|2 stltpush
|3 (RuTPU)RU\TPU\subj\57902
|9 75751
|
| 610 |
1 |
|
|a Восточная Сибирь
|
| 610 |
1 |
|
|a Крайний Север
|
| 610 |
1 |
|
|a гусеничные рыхлители
|
| 610 |
1 |
|
|a тягово-динамические свойства
|
| 610 |
1 |
|
|a мерзлые грунты
|
| 610 |
1 |
|
|a рыхление
|
| 610 |
1 |
|
|a навесные рыхлители
|
| 610 |
1 |
|
|a буронабивные сваи
|
| 610 |
1 |
|
|a расширители
|
| 610 |
1 |
|
|a конструктивные свойства
|
| 610 |
1 |
|
|a скважины
|
| 610 |
1 |
|
|a образование
|
| 610 |
1 |
|
|a трубчатые буры
|
| 610 |
1 |
|
|a взаимодействие с грунтом
|
| 610 |
1 |
|
|a механизмы
|
| 610 |
1 |
|
|a изнашивание
|
| 610 |
1 |
|
|a материалы
|
| 610 |
1 |
|
|a контактирующие поверхности
|
| 610 |
1 |
|
|a упрочнение
|
| 610 |
1 |
|
|a нагрузки
|
| 610 |
1 |
|
|a экскаваторы
|
| 610 |
1 |
|
|a гидроцилиндры
|
| 610 |
1 |
|
|a уплотнения
|
| 610 |
1 |
|
|a работоспособность
|
| 610 |
1 |
|
|a вертолеты
|
| 610 |
1 |
|
|a грузы
|
| 610 |
1 |
|
|a транспортировка
|
| 675 |
|
|
|a 69:65.011.5
|z rus
|v 3
|
| 675 |
|
|
|a 624.139
|z rus
|v 4
|
| 712 |
0 |
2 |
|a Проектный, научно-исследовательский и конструкторский институт "Красноярский ПромстройНИИпроект"
|2 stltpush
|3 (RuTPU)RU\TPU\col\8109
|
| 801 |
|
0 |
|a RU
|b RuMRKP
|c 19950704
|g psbo
|
| 801 |
|
1 |
|a RU
|b 63413507
|c 20150417
|
| 801 |
|
2 |
|a RU
|b 63413507
|c 20181213
|g RCR
|
| 942 |
|
|
|c BK
|